English file

The English File Third Edition Teacher's Book offers a comprehensive walk-through guide to every lesson, in every unit of the English File Third Edition Student's Book, along with over 70 photocopiable activities. The English File Teacher's Book package comes complete with a Test &...

Full beskrivning

Sparad:
Bibliografiska uppgifter
Huvudupphovsman: Latham-Koenig, Christina.
Materialtyp: Bok
Språk:Undetermined
Publicerad: Oxford Oxford University Press 2012
Ämnen:
Taggar: Lägg till en tagg
Inga taggar, Lägg till första taggen!
Thư viện lưu trữ: Trung tâm Học liệu Trường Đại học Cần Thơ
LEADER 01092nam a2200205Ia 4500
001 CTU_224393
008 210402s9999 xx 000 0 und d
020 |c 439000 
082 |a 428.24 
082 |b L352 
100 |a Latham-Koenig, Christina. 
245 0 |a English file 
245 0 |c Christina Latham-Koenig, Clive Oxenden, Paul Seligson ; Anna Lowy ... [et al.] 
260 |a Oxford 
260 |b Oxford University Press 
260 |c 2012 
520 |a The English File Third Edition Teacher's Book offers a comprehensive walk-through guide to every lesson, in every unit of the English File Third Edition Student's Book, along with over 70 photocopiable activities. The English File Teacher's Book package comes complete with a Test & Assessment CD-ROM, which includes a complete test for every File, an End-of-course Test, two Progress Tests, and a Quick Test for every File. 
650 |a Anh ngữ,English language 
650 |x Dạy và học,Nói tiếng nước ngoài,Study and teaching,Foreign speakers 
980 |a Trung tâm Học liệu Trường Đại học Cần Thơ